| 000 | 00447nam a2200181Ia 4500 | ||
|---|---|---|---|
| 008 | 170705s9999 xx 000 0 und d | ||
| 020 | _a9780439594308 | ||
| 245 | 4 | _aThe ball game / | |
| 245 | _cby David Packard ; illustrated by R. W. Alley. | ||
| 260 | _aNew York : | ||
| 260 | _bScholastic, | ||
| 260 | _c2003 | ||
| 300 | _aunpaged : | ||
| 300 | _bchiefly colored ; | ||
| 300 | _c22cm. | ||
| 440 | _aScholastic reader. | ||
| 500 | _aBR | ||
| 999 |
_c337301 _d337301 |
||